Crack Wars : Literature Addiction Mania /

Gorde:
Xehetasun bibliografikoak
Egile nagusia: Ronell, Avital (autor)
Formatua: Liburua
Hizkuntza:ingelesa
Argitaratua: Urbana, EUA : University of Illinois, 2004, c2004
Gaiak:
Etiketak: Etiketa erantsi
Etiketarik gabe, Izan zaitez lehena erregistro honi etiketa jartzen!

MARC

LEADER 00000nam^a2200000^a^4500
001 000170684
005 20250521000000.0
009 20260310101317.703
020 |a 0-252-07190-5 
037 |a Acervo ITESO - Biblioteca 
041 |a ING 
082 |a 809. 93355  |b RON 
100 |a Ronell, Avital  |e (autor) 
245 1 0 |a Crack Wars :  |b Literature Addiction Mania /  |c A. Ronell. 
264 4 |a Urbana, EUA :  |b University of Illinois,  |c 2004, c2004 
300 |a 174 p. 
336 |a texto  |b txt  |2 rdacontenido 
337 |a sin mediación  |b n  |2 rdamedio 
338 |a volumen  |b nc  |2 rdasoporte 
649 |a XX 
650 |a Drogas en la Literatura -  |x Historia y Crítica 
650 |a Alcoholismo en la Literatura -  |x Historia y Crítica 
650 |a Drogadicción en la Literatura -  |x Historia y Crítica 
650 |a Adicciones en la Literatura -  |x Historia y Crítica 
650 |a Conducta Antisocial 
650 |a Psicopatología 
650 |a Problemas Sociales 
650 |a Prácticas Culturales 
650 |a Sociología de la Cultura 
650 |a Literatura y Sociedad -  |x Historia y Crítica 
650 |a Literatura -  |x Historia y Crítica 
910 |a Fondo General 
920 |a Impresos - Libros 
930 |a Colección General 
940 |a Literatura 
905 |a 101 
901 |a 0500107845  |b IT1  |c LIT  |u 20250521 
902 |a https://opac.biblio.iteso.mx/vufind/Record/000170684